| 000 | 00545nam a2200193 4500 | ||
|---|---|---|---|
| 001 | 122520 | ||
| 003 | ES-MaACL | ||
| 005 | 20240228185851.0 | ||
| 007 | t| | ||
| 008 | 070214s1970 sp r ||||1| spa d | ||
| 100 | 1 |
_aPrior, Allan. _993987 |
|
| 245 | 1 | 4 |
_aLos ejecutores / _cAllan Prior ; versión José Manuel Pomares. |
| 250 | _a1ª ed. | ||
| 260 |
_aBarcelona : _bL. de Caralt, _c1970. |
||
| 300 |
_a319 p. ; _c20 cm. |
||
| 700 | 0 |
_aPomares, José M., _d1943- _992903 |
|
| 852 |
_aES-MaACL _jC-39491 _bR.75075 |
||
| 999 |
_c122520 _d122520 |
||